000 01103cam a2200229 i 4500
003 SA-RiAUC
005 20251130144110.0
008 251128s2007 su f f000 0 ara c
040 _aSA-MAUQU
_bara
_cSA-RiAUC
_erda
082 0 4 _a615.842
_qSA-RiAUC
090 _a615.842
_bن ت و
100 1 _aنتو، سمير بن سليمان أحمد
_eمؤلف.
245 1 0 _aاختلاف الخواص الإشاعية لمكونات الجسم وعند الملتقيات الدقيقة /
_cسمر بن سليمان أحمد نتو.
264 1 _aالمملكة العربية السعودية :
_bوزارة التعليم العالي، جامعة أم القرى، معهد البحوث العلمية وإحياء التراث الإسلامي، مركز بحوث العلوم التطبيقية،
_c2007
300 _a23 صفحة؛
_c24 سم.
336 _aنص
_btxt
_2rdacontent
_3كتاب
337 _aبدون وسيط
_bn
_2rdamedia
338 _aمجلد
_bnc
_2rdacarrier
650 7 _aالعلاج بالأشعة
_2aucsh
942 _2ddc
_cBOOK
_n0
949 _aSA-JeALM
_d251128
_umohamedma123
_n1
999 _c13419
_d13419